[Event "Moscow op-B"]
[Site "Moscow"]
[Date "2009.02.01"]
[Round "2"]
[White "Firstov, Pavel"]
[Black "Petukhov, Nikolay"]
[Result "1/2-1/2"]
[WhiteElo "2043"]
[BlackElo "1843"]
[PlyCount "75"]
[EventDate "2009.01.31"]
[EventType "swiss"]
[EventRounds "9"]
[EventCountry "RUS"]
[SourceTitle "EXT 2012"]
[Source "ChessBase"]
[SourceDate "2011.11.24"]
[SourceVersion "1"]
[SourceVersionDate "2011.11.24"]
[SourceQuality "1"]

1. d4 d5 2. c4 e6 3. Nf3 c6 4. Qc2 Bb4+ 5. Bd2 Qa5 6. g3 Nf6 7. Bg2 Ne4 8. 0-0 Nxd2 9. Nbxd2 dxc4 10. Nxc4 Qh5 11. e4 0-0 12. a3 Be7 13. Rad1 b6 14. Rfe1 Bb7 15. b4 Nd7 16. Ne3 Rac8 17. g4 Qh6 18. Qb3 Qf4 19. d5 cxd5 20. exd5 Nf6 21. Rd4 Qd6 22. Nc4 Qb8 23. dxe6 fxe6 24. Rxe6 Rc7 25. Nd6 Rc1+ 26. Re1+ Bd5 27. Rxd5 Rxe1+ 28. Nxe1 Kh8 29. Nf5 Nxd5 30. Qxd5 Bf6 31. Nf3 Rd8 32. Qf7 Qf4 33. Ne3 Rc8 34. Qd7 Rc1+ 35. Nd1 h6 36. g5 hxg5 37. Qe8+ Kh7 38. Qh5+ 1/2-1/2